000 00531nam a2200193Ia 4500
005 20250508152443.0
008 008 250505s9999 xx 000 0 eng d
037 _aTextual
040 _aFEDL
_beng
_cFEDL
041 _aeng
_2eng
084 _a301.153, NAT
_qFEDL
100 _aNatarajan S.
245 0 _aCentury of social reform in India
260 _aBombay, India
_bAsia Publishing House
_c1959
300 _axx,208p.
650 _aSociology
942 _cTEXL
_h301.153, NAT
999 _c1336522
_d1336522